Top 1,000 Most Common US Last Names - Statistics

General Stats
  • This quiz has been taken 513 times
  • The average score is 202 of 1000
Answer Stats
# Last Name % Correct
2,442,977 Smith
87%
47,246 Johns
85%
111,786 Li
84%
1,932,812 Johnson
83%
110,967 Le
83%
154,738 Black
81%
49,817 Ho
80%
1,437,026 Brown
79%
660,491 White
79%
1,625,252 Williams
77%
708,099 Jackson
76%
430,182 Green
75%
693,023 Lee
74%
79,508 Lin
74%
249,379 James
71%
1,425,470 Jones
71%
106,696 Park
70%
427,865 Adams
69%
784,404 Anderson
68%
756,142 Thomas
68%
702,625 Martin
67%
801,882 Wilson
67%
624,252 Harris
66%
1,161,437 Miller
66%
751,209 Taylor
66%
44,040 David
64%
137,513 Peters
64%
35,628 Lu
63%
37,571 Bean
62%
1,116,357 Davis
62%
49,481 Rich
62%
376,774 Roberts
62%
376,966 Carter
61%
246,116 Gray
61%
465,422 King
61%
336,221 Parker
61%
53,893 Richard
61%
169,580 Chen
60%
181,091 Harrison
60%
177,386 Washington
60%
434,827 Hill
59%
133,171 Ray
59%
133,799 Andrews
58%
67,304 Frank
58%
130,529 Richards
58%
80,526 Daniel
57%
40,736 Michael
57%
78,256 Paul
57%
664,644 Thompson
57%
103,930 Davidson
56%
114,030 Dean
56%
46,717 MacDonald
56%
180,497 McDonald
56%
278,297 Peterson
56%
195,818 West
56%
482,607 Allen
55%
76,664 Chan
55%
280,791 Cooper
55%
128,625 George
55%
40,250 Hahn
55%
531,781 Lewis
55%
250,715 Wood
55%
332,423 Edwards
54%
142,277 Grant
54%
146,570 Daniels
53%
355,593 Evans
53%
184,832 Ford
53%
484,447 Young
53%
562,679 Clark
52%
158,421 Hunt
52%
55,179 Jefferson
52%
1,060,159 Martínez
52%
318,884 Morris
52%
259,798 Richardson
52%
153,666 Robertson
52%
439,530 Scott
52%
185,674 Stevens
52%
66,056 Tyler
52%
44,130 Barr
51%
220,599 Bell
51%
176,865 Kennedy
51%
131,303 Matthews
51%
103,306 May
51%
724,374 Moore
51%
360,802 Phillips
51%
78,381 Robbins
51%
53,794 Wall
51%
419,586 Baker
50%
407,076 Hall
50%
874,523 López
50%
1,094,924 Rodríguez
50%
177,425 Woods
50%
204,621 Alexander
49%
208,403 Jordan
49%
91,694 Neal
49%
115,900 Oliver
49%
163,181 Simpson
49%
61,211 Charles
48%
71,056 Mack
48%
61,630 Owen
48%
84,018 Bush
47%
120,621 Franklin
47%
170,964 Henry
47%
1,043,281 Hernández
47%
162,440 Hunter
47%
129,699 Lawrence
47%
529,821 Robinson
47%
523,129 Walker
47%
195,289 Cole
46%
329,770 Collins
46%
153,329 Stone
46%
1,166,120 Garcia
45%
262,352 Kim
45%
76,095 Rodgers
45%
153,397 Rose
45%
264,826 Howard
44%
324,957 Stewart
44%
252,579 Watson
44%
38,029 Fry
43%
267,394 Kelly
43%
286,280 Morgan
43%
121,130 Morrison
43%
424,958 Nelson
43%
277,030 Reed
43%
119,076 Carr
42%
218,393 Henderson
42%
182,719 Owens
42%
163,054 Porter
42%
302,261 Rogers
42%
143,452 Ryan
42%
144,646 Stephens
42%
114,959 Williamson
42%
365,655 Gomez
41%
118,614 Jacobs
41%
308,417 Murphy
41%
612,752 Sanchez
41%
230,374 Sanders
41%
130,152 Willis
41%
57,143 Bryan
40%
56,872 Carson
40%
188,968 Ellis
40%
180,842 Fernandez
40%
78,327 Francis
40%
214,758 Gonzales
40%
137,184 Hart
40%
384,486 Mitchell
40%
221,741 Perry
40%
229,368 Ross
40%
75,169 Stevenson
40%
48,024 Walter
40%
136,720 Bradley
39%
81,939 Chang
39%
126,101 Greene
39%
107,690 Lucas
39%
55,136 Monroe
39%
176,230 Wells
39%
458,980 Wright
39%
66,059 Ball
38%
386,157 Campbell
38%
72,357 Fischer
38%
86,363 Leon
38%
229,374 Long
38%
83,510 Mann
38%
62,304 Marsh
38%
160,213 Mason
38%
60,845 Patrick
38%
210,182 Simmons
38%
197,276 Wallace
38%
214,703 Fisher
37%
91,384 Gregory
37%
145,584 Nichols
37%
72,175 Potter
37%
80,460 Simon
37%
109,883 Wang
37%
55,114 Anthony
36%
119,706 Austin
36%
40,590 Benjamin
36%
334,201 Cruz
36%
841,025 Gonzalez
36%
201,746 Hamilton
36%
151,942 Mills
36%
47,168 Prince
36%
557,423 Ramírez
36%
260,464 Ward
36%
251,663 Brooks
35%
36,558 Donaldson
35%
107,522 Fields
35%
152,334 Fox
35%
124,461 Harper
35%
183,922 Marshall
35%
184,910 Murray
35%
200,247 Reynolds
35%
221,558 Russell
35%
348,627 Turner
35%
152,147 Warren
35%
302,589 Cook
34%
105,091 Day
34%
201,159 Graham
34%
194,246 Hayes
34%
236,271 Hughes
34%
136,713 Knight
34%
93,786 Beck
33%
55,240 Cameron
33%
78,482 Dennis
33%
169,149 Freeman
33%
131,373 Johnston
33%
100,959 Joseph
33%
61,529 Lang
33%
91,475 Leonard
33%
82,873 Love
33%
76,986 Quinn
33%
73,145 Brady
32%
165,925 Burns
32%
54,198 Christian
32%
219,070 Coleman
32%
161,833 Gordon
32%
78,260 Griffith
32%
38,147 Nixon
32%
681,645 Pérez
32%
133,872 Riley
32%
53,095 Vincent
32%
41,025 Walls
32%
111,371 Wong
32%
60,002 Ali
31%
135,044 Armstrong
31%
138,893 Arnold
31%
132,812 Berry
31%
73,797 Blake
31%
192,773 Bryant
31%
261,231 Cox
31%
83,182 Dawson
31%
101,458 Douglas
31%
82,085 Erickson
31%
134,963 Hudson
31%
55,554 Lam
31%
118,557 O'Brien
31%
149,500 Rice
31%
96,867 Stanley
31%
233,983 Alvarez
30%
277,845 Bailey
30%
47,274 Barry
30%
86,081 Benson
30%
65,064 Gibbs
30%
198,406 Griffin
30%
39,555 Mayer
30%
150,895 Meyer
30%
138,629 Pierce
30%
235,251 Price
30%
38,662 Rivers
30%
47,641 Stephenson
30%
89,376 Walters
30%
67,929 Waters
30%
247,599 Bennett
29%
347,636 Díaz
29%
190,667 Gibson
29%
111,144 Hanson
29%
84,942 Miles
29%
77,923 O'Connor
29%
164,035 Olson
29%
205,423 Patterson
29%
40,275 Raymond
29%
36,540 Stuart
29%
218,847 Butler
28%
48,844 Clay
28%
159,480 Dixon
28%
135,765 Elliott
28%
222,653 Jenkins
28%
44,325 Kent
28%
134,227 Lane
28%
119,053 Lawson
28%
58,151 Nicholson
28%
59,356 Olsen
28%
229,973 Patel
28%
160,400 Shaw
28%
43,389 Stein
28%
167,446 Tucker
28%
52,739 Abbott
27%
87,162 Barker
27%
218,241 Barnes
27%
48,746 Berg
27%
110,529 Burton
27%
52,481 Chase
27%
68,281 Clarke
27%
35,446 Good
27%
156,780 Holmes
27%
105,936 Little
27%
101,931 Newman
27%
74,092 Newton
27%
437,813 Torres
27%
83,781 Warner
27%
105,833 Banks
26%
120,552 Carlson
26%
227,764 Foster
26%
41,394 Frederick
26%
115,662 Harvey
26%
42,265 Howe
26%
67,909 Logan
26%
89,796 Norris
26%
156,601 Palmer
26%
88,586 Parks
26%
224,874 Powell
26%
111,360 Reid
26%
220,990 Sullivan
26%
106,033 Yang
26%
53,419 Bruce
25%
75,356 Fitzgerald
25%
56,900 Houston
25%
44,711 Kerr
25%
92,260 Lowe
25%
74,949 Manning
25%
53,159 Roy
25%
147,034 Schmidt
25%
36,129 Spence
25%
47,324 Vance
25%
51,671 Atkins
24%
101,801 Curtis
24%
61,162 Drake
24%
141,427 Dunn
24%
69,617 Farmer
24%
86,618 Hale
24%
82,950 McCarthy
24%
229,895 Myers
24%
67,704 Norman
24%
101,836 Pearson
24%
139,951 Spencer
24%
34,985 Travis
24%
38,499 Ashley
23%
80,742 Baldwin
23%
122,877 Burke
23%
36,072 Church
23%
89,091 Cohen
23%
110,697 Garrett
23%
115,679 Jensen
23%
98,268 Keller
23%
67,961 Maxwell
23%
57,464 Mora
23%
286,899 Ortiz
23%
47,367 Preston
23%
73,919 Reese
23%
81,978 Reeves
23%
238,234 Ruiz
23%
116,749 Singh
23%
56,953 Summers
23%
89,649 Watts
23%
58,634 Wilkins
23%
44,914 Winters
23%
100,104 Barrett
22%
95,622 Bates
22%
42,639 Buck
22%
129,898 Carpenter
22%
79,186 Chandler
22%
135,187 Duncan
22%
110,116 Fuller
22%
142,894 Gardner
22%
96,810 Hopkins
22%
59,913 Lamb
22%
78,370 Liu
22%
49,177 Marks
22%
64,191 Mueller
22%
63,722 Norton
22%
391,114 Rivera
22%
87,000 Terry
22%
168,878 Webb
22%
70,031 Wolf
22%
68,233 Barton
21%
53,682 Bridges
21%
64,572 Conner
21%
92,507 Craig
21%
164,457 Crawford
21%
74,919 Curry
21%
74,948 Gill
21%
293,218 Gutiérrez
21%
137,977 Hansen
21%
131,401 Hoffman
21%
89,700 Jennings
21%
227,118 Jiménez
21%
81,471 Klein
21%
122,587 Larson
21%
161,717 Méndez
21%
46,054 Nolan
21%
131,440 Perkins
21%
97,040 Wade
21%
105,079 Walsh
21%
127,083 Watkins
21%
71,721 Wu
21%
53,376 Atkinson
20%
60,948 Cain
20%
56,322 Carey
20%
39,319 Case
20%
52,569 Gates
20%
57,497 Hoover
20%
59,595 McKenzie
20%
59,213 Morton
20%
327,904 Reyes
20%
72,918 Roman
20%
53,059 York
20%
52,701 Allison
19%
56,638 Clayton
19%
101,694 Cortez
19%
77,557 Cross
19%
50,465 Dillon
19%
83,063 Fletcher
19%
433,969 Flores
19%
104,515 Fowler
19%
42,469 Hardin
19%
102,538 Holland
19%
41,000 House
19%
50,584 Kane
19%
76,171 Khan
19%
57,127 Meyers
19%
50,028 O'Neill
19%
91,970 Powers
19%
57,477 Short
19%
48,813 Tanner
19%
73,854 Walton
19%
39,564 Avery
18%
116,618 Bishop
18%
134,317 Carroll
18%
94,988 Chambers
18%
114,940 Gilbert
18%
51,043 Glenn
18%
43,197 Hendricks
18%
64,202 Lloyd
18%
45,528 Moon
18%
76,908 Moss
18%
82,992 Page
18%
142,601 Payne
18%
39,277 Sampson
18%
137,232 Santos
18%
155,795 Wagner
18%
52,035 Yu
18%
83,265 Zimmerman
18%
36,150 Andersen
17%
49,033 Baxter
17%
87,859 Becker
17%
78,026 Blair
17%
153,469 Boyd
17%
66,556 Casey
17%
184,134 Castro
17%
250,898 Chavez
17%
35,312 Dickson
17%
37,672 Finley
17%
57,549 Flowers
17%
63,991 French
17%
69,834 Gallagher
17%
41,750 Herman
17%
71,286 Malone
17%
311,777 Morales
17%
58,714 Nash
17%
125,350 Nuñez
17%
263,464 Ramos
17%
54,764 Randall
17%
49,028 Sawyer
17%
101,290 Schneider
17%
70,502 Sherman
17%
161,633 Silva
17%
41,665 Spears
17%
66,013 Suárez
17%
212,781 Vasquez
17%
38,830 Vaughan
17%
38,512 Bernard
16%
135,718 Cunningham
16%
119,304 Dominguez
16%
40,410 Donovan
16%
74,458 Doyle
16%
35,053 Duke
16%
42,827 Ellison
16%
66,454 Floyd
16%
80,252 Hardy
16%
112,041 Howell
16%
44,808 Jacobson
16%
140,693 Kelley
16%
54,394 Kirk
16%
117,708 Lynch
16%
115,953 Montgomery
16%
47,979 O'Neal
16%
67,310 Parsons
16%
69,879 Rowe
16%
90,071 Schwartz
16%
60,479 Shepherd
16%
41,735 Stark
16%
90,964 Sutton
16%
76,897 Swanson
16%
88,060 Vaughn
16%
36,236 Vo
16%
109,433 Weber
16%
95,681 Barnett
15%
36,840 Booker
15%
52,184 Dalton
15%
63,400 Flynn
15%
74,324 Garner
15%
69,472 Hampton
15%
139,751 Hawkins
15%
158,320 Hicks
15%
79,803 Higgins
15%
87,531 Holt
15%
48,487 Keith
15%
37,644 Lynn
15%
242,771 Mendoza
15%
196,925 Moreno
15%
127,256 Ortega
15%
78,350 Ramsey
15%
39,802 Rush
15%
122,212 Santiago
15%
113,374 Sims
15%
40,212 Small
15%
143,837 Weaver
15%
52,211 Wyatt
15%
34,949 Archer
14%
43,851 Berger
14%
50,610 Bond
14%
53,792 Boone
14%
78,822 Bowen
14%
61,369 Brock
14%
66,648 Buchanan
14%
127,939 Chapman
14%
39,593 Everett
14%
146,426 Ferguson
14%
40,449 Fitzpatrick
14%
73,136 Goodman
14%
128,677 Guerrero
14%
69,515 Hammond
14%
39,787 Harding
14%
43,018 Hull
14%
101,949 Juárez
14%
44,784 Lester
14%
107,533 Márquez
14%
40,408 Mays
14%
110,744 McCoy
14%
61,671 Pratt
14%
71,759 Todd
14%
53,739 Wilkinson
14%
230,420 Castillo
13%
65,125 Cobb
13%
46,393 English
13%
74,737 Harmon
13%
64,106 Hartman
13%
192,711 Herrera
13%
85,195 Horton
13%
88,728 McDaniel
13%
38,681 McKay
13%
37,502 Mullen
13%
104,888 Schultz
13%
88,230 Steele
13%
125,058 Wheeler
13%
186,512 Aguilar
12%
57,044 Bass
12%
40,193 Bentley
12%
37,923 Best
12%
39,921 Boyle
12%
92,904 Byrd
12%
43,110 Chung
12%
40,563 Crosby
12%
52,321 Farrell
12%
49,360 Golden
12%
84,179 Graves
12%
51,877 Heath
12%
35,194 Hendrix
12%
52,138 Horn
12%
44,742 Knox
12%
93,678 Lambert
12%
37,021 Lim
12%
36,194 O'Connell
12%
43,460 O'Donnell
12%
58,480 Petersen
12%
63,881 Pope
12%
90,670 Rhodes
12%
35,132 Rollins
12%
69,943 Saunders
12%
78,990 Sharp
12%
160,262 Snyder
12%
71,058 Tate
12%
83,967 Thornton
12%
188,498 Tran
12%
124,995 Valdez
12%
173,835 Vargas
12%
72,625 Webster
12%
83,928 Wolfe
12%
63,254 Yates
12%
70,125 Zhang
12%
73,599 Adkins
11%
48,319 Ahmed
11%
78,848 Barber
11%
52,070 Barron
11%
37,912 Benton
11%
105,007 Bowman
11%
43,329 Browning
11%
41,348 Buckley
11%
50,524 Callahan
11%
79,316 Cummings
11%
69,943 Franco
11%
42,015 Frost
11%
50,686 Garrison
11%
74,503 Gross
11%
66,959 Harrington
11%
37,451 Hayden
11%
48,013 Henson
11%
63,085 Hogan
11%
48,781 Hutchinson
11%
84,516 Lyons
11%
40,055 Peck
11%
37,836 Phan
11%
38,277 Potts
11%
208,614 Romero
11%
58,278 Roth
11%
36,960 Sheppard
11%
47,528 Snow
11%
46,534 Solomon
11%
144,451 Soto
11%
45,432 Strong
11%
138,322 Vázquez
11%
108,987 Welch
11%
54,015 Bradford
10%
103,318 Brewer
10%
58,408 Briggs
10%
83,621 Cabrera
10%
38,265 Costa
10%
37,870 Crane
10%
89,401 Duran
10%
40,165 Felix
10%
37,858 Haley
10%
85,974 Haynes
10%
52,920 Hodge
10%
72,328 Huang
10%
63,936 Kramer
10%
55,960 Larsen
10%
63,760 Lindsey
10%
43,904 Marin
10%
74,542 McGee
10%
64,327 McGuire
10%
43,260 McLean
10%
158,483 Muñoz
10%
66,293 Patton
10%
67,411 Person
10%
41,129 Randolph
10%
127,794 Rios
10%
60,667 Santana
10%
46,147 Shannon
10%
90,517 Shelton
10%
116,673 Vega
10%
80,364 Velásquez
10%
52,817 Villa
10%
103,418 Acosta
9%
93,944 Caldwell
9%
46,229 Cortés
9%
72,109 Delacruz
9%
132,985 Delgado
9%
90,677 Fleming
9%
41,802 Glass
9%
72,451 Goodwin
9%
167,044 Guzmán
9%
55,174 Hood
9%
55,484 Huff
9%
49,056 Humphrey
9%
69,345 Ingram
9%
46,146 Kemp
9%
37,228 Levy
9%
51,592 Mathews
9%
88,615 Moran
9%
39,216 Moses
9%
130,776 Peña
9%
49,740 Pitts
9%
40,884 Reilly
9%
108,421 Rojas
9%
152,703 Salazar
9%
50,832 Shields
9%
43,261 Sloan
9%
35,997 Stanton
9%
69,360 Townsend
9%
68,649 Wise
9%
49,402 Booth
8%
75,143 Christensen
8%
50,258 Cline
8%
40,707 Conrad
8%
38,528 Farley
8%
92,152 Frazier
8%
81,006 Fuentes
8%
38,924 Gould
8%
50,245 Grimes
8%
86,240 Hail
8%
39,890 Hanna
8%
48,522 Hobbs
8%
37,689 Horne
8%
104,518 Luna
8%
56,226 Poole
8%
37,053 Richmond
8%
42,577 Sellers
8%
39,430 Shepard
8%
46,394 Stafford
8%
52,410 Sweeney
8%
34,961 Tang
8%
36,805 Waller
8%
35,118 Whitney
8%
97,314 Avila
7%
51,288 Benítez
7%
42,465 Bradshaw
7%
49,238 Brennan
7%
60,791 Burnett
7%
96,111 Campos
7%
50,786 Choi
7%
130,164 Contreras
7%
35,781 Dudley
7%
47,170 Dyer
7%
51,865 Foley
7%
38,374 Friedman
7%
50,558 Hancock
7%
71,717 Hines
7%
70,223 Hodges
7%
70,362 Hubbard
7%
37,170 Huber
7%
39,796 Hurley
7%
45,390 Kline
7%
42,103 Livingston
7%
35,438 Madden
7%
35,228 Mayo
7%
43,483 McCall
7%
39,754 McConnell
7%
63,649 McCormick
7%
42,379 McIntosh
7%
43,842 McIntyre
7%
44,137 McKee
7%
83,616 McKinney
7%
74,816 McLaughlin
7%
39,411 McMahon
7%
93,628 Miranda
7%
96,979 Molina
7%
71,844 Montoya
7%
64,429 Moody
7%
71,646 Mullins
7%
42,773 Nielsen
7%
41,667 Noble
7%
66,827 Osborne
7%
49,733 Parrish
7%
82,458 Robles
7%
35,121 Rowland
7%
54,046 Skinner
7%
63,440 Sparks
7%
57,064 Underwood
7%
57,112 Weiss
7%
56,616 Whitaker
7%
79,517 Aguirre
6%
133,501 Alvarado
6%
65,004 Bauer
6%
39,097 Blackburn
6%
66,003 Bowers
6%
44,740 Bullock
6%
71,085 Cannon
6%
35,877 Cherry
6%
67,338 Colón
6%
44,320 Conway
6%
38,835 Duffy
6%
64,403 Escobar
6%
43,821 Gaines
6%
147,005 Garza
6%
48,719 Gilmore
6%
57,043 Greer
6%
59,486 Hess
6%
42,575 LeBlanc
6%
121,526 Maldonado
6%
40,237 McMillan
6%
44,500 Meadows
6%
56,230 Meléndez
6%
42,578 Middleton
6%
39,879 Pace
6%
105,365 Padilla
6%
84,320 Pham
6%
52,044 Phelps
6%
76,205 Rivas
6%
36,043 Schmitt
6%
67,977 Schroeder
6%
82,146 Solís
6%
52,457 Sosa
6%
61,639 Stokes
6%
40,395 Valentine
6%
50,247 Wiggins
6%
56,286 Wilcox
6%
43,648 Bartlett
5%
60,264 Bautista
5%
48,207 Beard
5%
39,551 Bender
5%
35,225 Branch
5%
36,613 Brandt
5%
73,931 Burgess
5%
43,180 Calhoun
5%
59,350 Cochran
5%
54,257 Combs
5%
55,917 Conley
5%
55,895 Davenport
5%
56,576 Decker
5%
43,635 Durham
5%
47,184 Eaton
5%
127,470 Estrada
5%
36,466 Faulkner
5%
40,598 Giles
5%
66,858 Glover
5%
50,786 Huffman
5%
35,350 Jarvis
5%
53,767 Kirby
5%
49,395 Koch
5%
83,067 Lara
5%
36,250 Maddox
5%
63,899 McBride
5%
35,408 McCann
5%
36,125 McPherson
5%
188,497 Medina
5%
56,840 Morrow
5%
41,774 Morse
5%
39,670 Nava
5%
99,807 Navarro
5%
44,388 Orr
5%
35,291 Reyna
5%
128,948 Sandoval
5%
49,914 Savage
5%
67,769 Strickland
5%
70,000 Valencia
5%
36,179 Vu
5%
61,729 Zamora
5%
51,351 Acevedo
4%
65,037 Andrade
4%
57,477 Arias
4%
61,625 Ballard
4%
47,693 Beasley
4%
77,085 Calderón
4%
87,414 DeLeon
4%
51,889 Dickerson
4%
36,973 Frye
4%
44,581 Leach
4%
40,397 Mahoney
4%
55,595 Massey
4%
54,217 Mathis
4%
48,165 McClain
4%
49,217 McDowell
4%
50,069 Melton
4%
48,142 Montes
4%
35,461 Novak
4%
78,677 Ochoa
4%
36,585 Peralta
4%
55,021 Pittman
4%
44,365 Pruitt
4%
39,559 Pugh
4%
75,185 Rosales
4%
48,051 Rosario
4%
44,938 Rosas
4%
50,788 Rubio
4%
48,696 Russo
4%
81,156 Salinas
4%
43,133 Sexton
4%
58,287 Shah
4%
35,770 Sierra
4%
54,621 Singleton
4%
73,664 Trujillo
4%
63,736 Velázquez
4%
39,580 Ventura
4%
49,316 Ware
4%
41,565 Weeks
4%
48,720 Wiley
4%
36,764 Woodward
4%
92,463 Ayala
3%
49,776 Beltrán
3%
47,175 Blackwell
3%
37,695 Blanchard
3%
67,893 Camacho
3%
37,368 Cano
3%
77,652 Cardenas
3%
82,161 Cervantes
3%
38,044 Clements
3%
36,423 Coffey
3%
56,380 Collier
3%
55,850 Copeland
3%
38,232 Correa
3%
44,038 DeJesus
3%
37,566 Dodson
3%
42,983 Duarte
3%
112,154 Espinoza
3%
98,468 Figueroa
3%
68,373 Gallegos
3%
70,071 Guerra
3%
38,733 Herring
3%
41,163 Hickman
3%
47,455 Huerta
3%
46,244 Hurst
3%
66,063 Ibarra
3%
48,753 Kaur
3%
36,743 Krueger
3%
39,391 Landry
3%
35,958 Leal
3%
48,120 Mata
3%
36,460 Maynard
3%
104,057 Mejía
3%
47,963 Mosley
3%
37,050 Moyer
3%
35,020 Odom
3%
77,642 Pacheco
3%
40,854 Pennington
3%
35,749 Pollard
3%
37,657 Quintana
3%
65,468 Salas
3%
36,312 Sanford
3%
41,063 Schaefer
3%
75,996 Serrano
3%
59,943 Shaffer
3%
57,383 Valenzuela
3%
44,373 Whitehead
3%
35,725 Alfaro
2%
50,614 Arroyo
2%
39,623 Ayers
2%
60,998 Barrera
2%
39,693 Bernal
2%
51,475 Bonilla
2%
50,742 Boyer
2%
36,269 Burch
2%
35,266 Cantrell
2%
91,129 Carrillo
2%
71,368 Castañeda
2%
35,830 Compton
2%
45,305 Cordova
2%
41,553 Corona
2%
34,987 Daugherty
2%
37,932 Delarosa
2%
43,631 Dorsey
2%
37,884 Dougherty
2%
39,063 Dunlap
2%
42,693 Gillespie
2%
46,454 Guevara
2%
50,837 Harrell
2%
41,275 Hebert
2%
35,642 Hester
2%
35,606 Hinton
2%
58,040 Holloway
2%
36,755 Jaramillo
2%
43,278 Lowery
2%
37,903 Lugo
2%
62,227 Macias
2%
36,944 McCarty
2%
47,742 McClure
2%
45,852 McCullough
2%
41,300 McFarland
2%
45,594 Merritt
2%
53,230 Meza
2%
45,558 Murillo
2%
43,798 Palacios
2%
36,765 Parra
2%
49,549 Ponce
2%
45,019 Roach
2%
56,180 Roberson
2%
55,251 Rocha
2%
45,469 Salgado
2%
35,408 Terrell
2%
38,267 Truong
2%
48,036 Vang
2%
53,265 Vélez
2%
61,883 Villanueva
2%
61,355 Villarreal
2%
48,599 Villegas
2%
48,444 Wilkerson
2%
37,499 Xiong
2%
56,410 Yoder
2%
56,347 Zúñiga
2%
50,104 Arellano
1%
36,922 Avalos
1%
45,153 Barajas
1%
59,463 Beil
1%
43,830 Blankenship
1%
38,229 Blevins
1%
41,700 Bravo
1%
49,126 Cantú
1%
43,701 Cuevas
1%
44,388 Davila
1%
41,271 Enríquez
1%
42,559 Esparza
1%
38,667 Espinosa
1%
37,578 Esquivel
1%
36,318 Estes
1%
36,429 Galindo
1%
53,822 Galván
1%
43,027 Gentry
1%
51,081 Hensley
1%
41,771 Knapp
1%
57,779 Lozano
1%
39,986 Lucero
1%
39,105 Magaña
1%
60,761 Mercado
1%
65,904 Orozco
1%
60,820 Pineda
1%
37,890 Portillo
1%
35,636 Proctor
1%
41,158 Quintero
1%
57,549 Rangel
1%
36,636 Rasmussen
1%
43,305 Stout
1%
52,651 Tapia
1%
41,021 Trejo
1%
59,882 Treviño
1%
37,754 Villalobos
1%
46,240 Woodard
1%
51,153 Zavala
1%
50,920 Cisneros
0%
54,996 Huynh
0%
40,261 Medrano
0%
437,645 Nguyễn
0%
No matching quizzes found
Score Distribution
Percent of People with Each Score
Percentile by Number Answered
Your Score History
You have not taken this quiz